Polymer nanocomposites handbook (Record no. 587632)
[ view plain ]
| 000 -LEADER | |
|---|---|
| fixed length control field | 00268nam a22001097a 4500 |
| 040 ## - CATALOGING SOURCE | |
| Transcribing agency | SCME |
| 100 ## - MAIN ENTRY--PERSONAL NAME | |
| Personal name | Rakesh K.Gupta, Elliot Kennel, |
| 9 (RLIN) | 88462 |
| 245 ## - TITLE STATEMENT | |
| Title | Polymer nanocomposites handbook |
| 260 ## - PUBLICATION, DISTRIBUTION, ETC. | |
| Place of publication, distribution, etc. | New York |
| Name of publisher, distributor, etc. | CRC Press |
| Date of publication, distribution, etc. | 2010 |
| 300 ## - PHYSICAL DESCRIPTION | |
| Extent | 552p. |
| 942 ## - ADDED ENTRY ELEMENTS (KOHA) | |
| Source of classification or shelving scheme | |
| Koha item type | Book |
| Withdrawn status | Lost status | Source of classification or shelving scheme | Damaged status | Not for loan | Permanent Location | Current Location | Date acquired | Total Checkouts | Full call number | Barcode | Date last seen | Price effective from | Koha item type |
|---|---|---|---|---|---|---|---|---|---|---|---|---|---|
| School of Chemical & Materials Engineering (SCME) | School of Chemical & Materials Engineering (SCME) | 01/18/2022 | 620.192 G9775P | SCME-4814 | 01/18/2022 | 01/18/2022 | Book |
